The Archaeology of British Honduras : A Review and Synthesis /

Сохранить в:
Библиографические подробности
Главный автор: Rice, Don Stephen (autor)
Формат:
Язык:английский
Опубликовано: Greeley, EUA : University of Northern Colorado, Museum of Anthropology, 1974
Метки: Добавить метку
Нет меток, Требуется 1-ая метка записи!

MARC

LEADER 00000nam^a2200000^a^4500
001 000454999
005 20250526000000.0
009 20260310123943.145
037 |a Acervo ITESO - Biblioteca 
041 |a ING 
091 |a FHA. 00259 
100 |a Rice, Don Stephen  |e (autor) 
245 1 4 |a The Archaeology of British Honduras :  |b A Review and Synthesis / 
264 1 |a Greeley, EUA :  |b University of Northern Colorado, Museum of Anthropology,  |c 1974 
300 |a 159 p. ;  |c 28.0 cm. 
336 |a texto  |b txt  |2 rdacontenido 
337 |a sin mediación  |b n  |2 rdamedio 
338 |a volumen  |b nc  |2 rdasoporte 
515 |a Inventario familia Hartung: 388 
649 |a XX 
910 |a Fondo Horst Hartung Franz 
920 |a Impresos - Libros 
930 |a Libros Antiguos y Raros 
905 |a 135 
901 |a 0500332682  |b IT2  |c LRA  |i D  |u 20250526 
902 |a https://opac.biblio.iteso.mx/vufind/Record/000454999